000 00478nam a2200181Ia 4500
003 GCL
008 140319s9999 xx 000 0 ara d
040 _aGCL /
_cGCL
082 0 4 _a904.7
_bح م
100 1 _aحنا خباز
245 1 0 _aالمعارك الفاصلة فى التاريخ /
_cحنا خباز
300 _a216 ص
490 _a
650 0 4 _aالحروب
650 0 4 _aالمعارك الحربية
650 0 4 _aاوربا - تاريخ
942 _2ddc
_cBK
999 _c44343
_d44343